La tragedie de roi Richard III / (Record no. 143899)

MARC details
000 -LEADER
campo de control de longitud fija 00818nam a2200217 i 4500
001 - NÚMERO DE CONTROL
campo de control 143899
003 - IDENTIFICADOR DE NÚMERO DE CONTROL
campo de control ES-MaACL
005 - FECHA Y HORA DE LA ÚLTIMA TRANSACCIÓN
campo de control 20250716062535.0
007 - CAMPO FIJO DE DESCRIPCIÓN FÍSICA--INFORMACIÓN GENERAL
campo de control de longitud fija t|
008 - DATOS DE LONGITUD FIJA--INFORMACIÓN GENERAL
campo de control de longitud fija 070214s1929 fr r ||||1| fre d
100 1# - ENTRADA PRINCIPAL--NOMBRE DE PERSONA
Nombre de persona Shakespeare, William,
Fechas asociadas al nombre 1564-1616
9 (RLIN) 105992
245 13 - MENCIÓN DEL TÍTULO
Título La tragedie de roi Richard III /
Mención de responsabilidad, etc. [par Shakespeare] ; traduction de Joseph Delcourt [et texte anglais d'après l'ancienne édition `Cambridge`].
260 ## - PUBLICACIÓN, DISTRIBUCIÓN, ETC.
Lugar de publicación, distribución, etc. Paris :
Nombre del editor, distribuidor, etc. Les Belles Lettres,
Fecha de publicación, distribución, etc. 1929 (
Lugar de fabricación/manufactura Anvers [Bélgica] :
Fabricante Flor Burton)
300 ## - DESCRIPCIÓN FÍSICA
Extensión XXIII, 273 p. ;
Dimensiones 15 cm.
490 1# - MENCIÓN DE SERIE
Mención de serie Col. Shakespeare, texte et traduction
500 ## - NOTA GENERAL
Nota general Texto bilingüe en francés e inglés.
700 1# - ENTRADA AGREGADA--NOMBRE PERSONAL
Nombre de persona Delcourt, Joseph.
9 (RLIN) 43358
830 0# - PUNTO DE ACCESO ADICIONAL DE SERIE-TÍTULO UNIFORME
Título uniforme Col. Shakespeare, texte et traduction
9 (RLIN) 187295
852 ## - LOCALIZACIÓN
Ubicación ES-MaACL
Número de control de estantería A-2577
Holdings
Estatus retirado Estado de pérdida Estado de daño No para préstamo Biblioteca de origen Biblioteca actual Ubicación en estantería Fecha de adquisición Fuente de adquisición Total de préstamos Signatura topográfica completa Código de barras Visto por última vez Precio de reemplazo Tipo de ítem Koha
        Biblioteca del Ateneo de Madrid Biblioteca del Ateneo de Madrid Sala Pecera Planta 1 17/01/2008     A-2577 1149715 23/02/2023 23/02/2023 Libro impreso